Indian village. (Record no. 542486)

000 -LEADER
fixed length control field 00528cam a22001571 4500
082 ## - DEWEY DECIMAL CLASSIFICATION NUMBER
Classification number 307.76254
Author Mark DUB
-- L-27,P-50.
100 1# - MAIN ENTRY--PERSONAL NAME
Personal name Dube, S. C.
9 (RLIN) 37669
245 10 - TITLE STATEMENT
Title Indian village.
Statement of responsibility, etc. Foreword by Morris Edward Opler.
260 ## - PUBLICATION, DISTRIBUTION, ETC.
Place of publication, distribution, etc. London,
Name of publisher, distributor, etc. Routledge & K. Paul
Date of publication, distribution, etc. [1955]
300 ## - PHYSICAL DESCRIPTION
Extent xiv, 248 p.
Other physical details plates.
Dimensions 23 cm.
490 1# - SERIES STATEMENT
Series statement International Library of Sociology and Social Reconstruction
526 ## - STUDY PROGRAM INFORMATION NOTE
Program name 0
Interest level 0
Reading level 0
Title point value 307_762540000000000_DUB
650 #0 - SUBJECT ADDED ENTRY--TOPICAL TERM
Topical term or geographic name entry element MCE
9 (RLIN) 379
650 #0 - SUBJECT ADDED ENTRY--TOPICAL TERM
Topical term or geographic name entry element Villages
Geographic subdivision India
General subdivision Case studies.
9 (RLIN) 37670
942 ## - ADDED ENTRY ELEMENTS (KOHA)
Source of classification or shelving scheme
Koha item type Book
Holdings
Withdrawn status Lost status Source of classification or shelving scheme Damaged status Not for loan Permanent Location Current Location Date acquired Total Checkouts Total Renewals Full call number Barcode Date last seen Date last checked out Price effective from Koha item type
          Military College of Engineering (MCE) Military College of Engineering (MCE) 01/01/2014 1 1 307.76254 DUB MCE-86 01/27/2015 11/27/2014 01/01/2014 Book
© 2023 Central Library, National University of Sciences and Technology. All Rights Reserved.